000 00781nam a2200217Ia 4500
003 OSt
005 20210730153825.0
008 210310s1923 ck gr 000 0 spa d
040 _aCO-JMCR
_cCO-JMCR
041 0 _aspa
082 0 4 _a332.10262 /
_bM678p
_223
110 2 _aMisión de Consejeros Financieros
_938939
245 1 0 _aProyecto de ley :
_bsobre establecimientos bancarios y exposiciones de motivos de dicho proyecto
_cMisión de Consejería Financiera
260 _aBogotá :
_bMisión de Consejería Financiera,
_c1923
300 _a115 páginas ;
_c24 cm.
500 _aPresentados al gobierno de Colombia.
650 1 4 _aProyecto de Ley
_927151
650 2 4 _aBancos
_vproyecto de ley
_938940
710 1 _aMisión de Consejería Financiera
_938941
942 _2ddc
_cBK
999 _c12049
_d12049